African Crop Science Conference proceedings / (Record no. 13681)
[ view plain ]
| 000 -LEADER | |
|---|---|
| fixed length control field | 01133nam a22002652 4500 |
| 001 - CONTROL NUMBER | |
| control field | 0000018805 |
| 005 - DATE AND TIME OF LATEST TRANSACTION | |
| control field | 20151217155900.0 |
| 008 - FIXED-LENGTH DATA ELEMENTS--GENERAL INFORMATION | |
| fixed length control field | 100707s xx 000 0 eng d |
| 040 ## - CATALOGING SOURCE | |
| Original cataloging agency | KABU |
| Transcribing agency | KABU |
| 111 2# - MAIN ENTRY--MEETING NAME | |
| Meeting name or jurisdiction name as entry element | All Africa Crop Science Congress |
| Location of meeting | Pretoria, South Africa : |
| Date of meeting | 1997 January 13-17 : |
| Number of part/section/meeting | 1st. |
| -- | 0000178219 |
| 245 10 - TITLE STATEMENT | |
| Title | African Crop Science Conference proceedings / |
| Statement of responsibility, etc. | editors, E. Adipala, J. S. Tenywa, M. W. Ogenga-Latigo. |
| 250 ## - EDITION STATEMENT | |
| Edition statement | 1st ed. |
| 260 ## - PUBLICATION, DISTRIBUTION, ETC. (IMPRINT) | |
| Place of publication, distribution, etc. | Kampala, Uganda : |
| Name of publisher, distributor, etc. | African Crop Science Society, |
| Date of publication, distribution, etc. | 1997. |
| 300 ## - PHYSICAL DESCRIPTION | |
| Extent | v 3 in 3 parts. |
| 650 #0 - SUBJECT ADDED ENTRY--TOPICAL TERM | |
| Topical term or geographic name as entry element | Crop science |
| Form subdivision | Congresses |
| Geographic subdivision | Africa. |
| -- | 0000178220 |
| 700 1# - ADDED ENTRY--PERSONAL NAME | |
| Personal name | Adipala, E. |
| -- | 0000178221 |
| 700 1# - ADDED ENTRY--PERSONAL NAME | |
| Personal name | Tenywa, J. S. |
| -- | 0000178132 |
| 700 1# - ADDED ENTRY--PERSONAL NAME | |
| Personal name | Ogenga-Latigo, M. W. |
| -- | 0000178222 |
| 852 1# - LOCATION | |
| -- | p400 KES |
| 852 1# - LOCATION | |
| -- | p400 KES |
| 852 1# - LOCATION | |
| -- | p400 KES |
| 852 1# - LOCATION | |
| -- | p400 KES |
| 908 ## - PUT COMMAND PARAMETER (RLIN) | |
| Put command parameter | 100707 |
| 950 ## - LOCAL HOLDINGS (RLIN) | |
| -- | 1 |
| Withdrawn status | Lost status | Source of classification or shelving scheme | Not for loan | Home library | Current library | Date acquired | Total Checkouts | Full call number | Barcode | Date last seen | Price effective from | Koha item type |
|---|---|---|---|---|---|---|---|---|---|---|---|---|
| Library of Congress Classification | Kabarak, Main Campus | Kabarak, Main Campus | 17/12/2015 | SB16 .A37A45 1997 v. 3 pt. 1 c. 1 | 24744 | 17/12/2015 | 17/12/2015 | Africana Collection | ||||
| Library of Congress Classification | Kabarak, Main Campus | Kabarak, Main Campus | 17/12/2015 | SB16 .A37A45 1997 v. 3 pt. 2 c. 1 | 24741 | 17/12/2015 | 17/12/2015 | Africana Collection | ||||
| Library of Congress Classification | Kabarak, Main Campus | Kabarak, Main Campus | 17/12/2015 | SB16 .A37A45 1997 v. 3 pt. 2 c. 2 | 24740 | 17/12/2015 | 17/12/2015 | Africana Collection | ||||
| Library of Congress Classification | Kabarak, Main Campus | Kabarak, Main Campus | 17/12/2015 | SB16 .A37A45 1997 v. 3 pt. 3 c. 1 | 24688 | 17/12/2015 | 17/12/2015 | Africana Collection |